|
|
|
|
| LEADER |
00000nab a2200000 a 4500 |
| 001 |
vtls000021389 |
| 003 |
SK-MaSNL |
| 005 |
20260304072814.0 |
| 008 |
250423c xo 0 slo |
| 015 |
|
|
|a SNBRB19rr/mm-uuuuu
|
| 035 |
|
|
|a CL0031483
|
| 035 |
|
|
|a urn:nbn:sk:snk-ab6na5
|
| 035 |
|
|
|a (uuid)d0414019-02b4-46b0-a1dd-094ca5902de5
|
| 035 |
|
|
|a (urnnbn)urn:nbn:sk:snk:ar-005mwp
|
| 035 |
|
|
|a (sysno)vtls000021389
|
| 040 |
|
|
|a SNKBUCL
|b slo
|c SNKBUCL
|e AACR2
|
| 041 |
0 |
|
|a rus
|
| 044 |
|
|
|a xo
|c SK
|
| 080 |
|
|
|a 82(091):882"19":92
|2 1981
|
| 080 |
|
|
|a 882"19"
|2 1981
|
| 080 |
|
|
|a 882(091)"19"
|2 1981
|
| 080 |
|
|
|a 92 Aligerová, Margarita
|2 1981
|
| 245 |
0 |
0 |
|a Margarita Josifovna Aliger
|
| 600 |
1 |
7 |
|a Aliger, Margarita Josifovna
|2 snkbucl
|9 1360952
|
| 655 |
|
7 |
|a profily
|2 snkbucl
|9 341977
|
| 655 |
|
7 |
|a články z odboru literárna veda a krásna literatúra
|2 snkbucl
|9 770045
|
| 655 |
|
7 |
|a články z novín a časopisov
|2 snkbucl
|9 267496
|
| 773 |
0 |
|
|t Ruštinár
|g Roč. 14(27), č. 1 (1979), s. 22
|
| 850 |
|
|
|a Slovenská národná knižnica
|
| 852 |
|
|
|a Slovenská národná knižnica
|
| 958 |
|
|
|a article27
|
| 958 |
|
|
|a RK
|
| 958 |
|
|
|a LX
|
| 958 |
|
|
|a SK
|
| 958 |
|
|
|a OND
|
| 958 |
|
|
|a EUIPO
|
| 992 |
|
|
|a RBX
|
| 999 |
|
|
|c 2768021
|d 2769951
|